| 000 | 00643nam a2200193Ia 4500 | ||
|---|---|---|---|
| 003 | LDD | ||
| 008 | 190117s9999 xx 000 0 und d | ||
| 020 | _c₹10 | ||
| 040 | _cLDD | ||
| 041 | _ahi | ||
| 082 | _a8S1.09 त्रि5201द-2 | ||
| 100 | _aत्रिपाठी,जयशंकर | ||
| 245 | 0 |
_aदण्डी _cजयशंकर त्रिपाठी |
|
| 250 | _aद्वितीय सं. | ||
| 260 |
_aनई दिल्ली _bसाहित्य अकादमी _c1988 |
||
| 300 | _a93पृ. | ||
| 440 | _aभारतीय साहित्य के निर्माता | ||
| 942 |
_2ddc _cH |
||
| 999 |
_c160838 _d160838 |
||